| 000 | 00755nam a2200181 i 4500 | ||
|---|---|---|---|
| 005 | 20250217033503.0 | ||
| 008 | 071005s1946 pl |000 0 pol | ||
| 040 |
_aWA N _cWA N _bpol |
||
| 100 | 1 |
_aChałasiński, Józef _d(1904-1979). |
|
| 245 | 1 | 0 |
_aSpołeczna genealogia inteligencji polskiej / _cJózef Chałasiński. |
| 260 |
_a[Warszawa] : _b"Czytelnik", _c1946. |
||
| 300 |
_a80, [2] s. ; _c25 cm. |
||
| 490 | 1 |
_aPrace Polskiego Instytutu Socjologicznego. Studium Problemów Chłopskich i Robotniczych ; _v1. |
|
| 650 | 4 |
_aInteligencja (socjol.) _zPolska _xhistoria. |
|
| 710 | 2 |
_aSpółdzielnia Wydawnicza "Czytelnik". _4pbl. |
|
| 942 | _cBK | ||
| 830 | 0 |
_aPrace Polskiego Instytutu Socjologicznego. _pStudium Problemów Chłopskich i Robotniczych ; _v1. |
|
| 999 |
_c72188 _d72188 |
||